| 000 | 00448nam a22001697a 4500 | ||
|---|---|---|---|
| 003 | SGT | ||
| 020 | _a9789380316499 | ||
| 082 |
_a150 _bA21J |
||
| 100 | _aJHA, VIVEK KUMAR | ||
| 245 | _aAUTISM: PSYCHOLOGICAL NEUROLOGICAL AND CLINICAL PERSPECTIVES | ||
| 250 | _a1ST | ||
| 260 |
_aIINDIA _bAHUJA PUB _c2021 |
||
| 300 | _a359 | ||
| 650 | _aPSYCHOLOGY | ||
| 653 | _aAUTISM: PSYCHOLOGICAL NEUROLOGICAL AND CLINICAL PERSPECTIVES | ||
| 942 |
_2ddc _cBK |
||
| 999 |
_c26830 _d26830 |
||